Krstná smluva, jej potvrdenie a zadržanie návod k vyučovaniu konfirmandov evanjelických a. v. i nedeľným katechizáciam mládeže

Bibliographic Details
Main Author: Fábry, Ján Alexander, 1848-1908 (Author)
Format: Book
Language:Slovak
PhysicalDescription:96 s. V. 8°
Published: Turčiansky Sv. Martin Vlastným nákladom 1902
Edition:3. preprac. vyd.
Subjects:

MARC

LEADER 00000cam a2200000 a 4500
001 vtls008370179
003 SK-MaSNL
005 20260302004010.0
008 251124s1902 xo 000 0 slo
015 |a SNBA19011918-000516 
035 |a SK01SNKBSKFE20010062396 
035 |a SKM000064859 
040 |a SNK  |b slo  |c SNK  |e AACR2 
041 0 |a slo 
044 |a xo  |c SK 
080 |a 265  |2 1981 
080 |a 284.1  |2 1981 
100 1 |a Fábry, Ján Alexander,  |d 1848-1908  |4 aut  |9 152993 
245 1 0 |a Krstná smluva, jej potvrdenie a zadržanie  |b návod k vyučovaniu konfirmandov evanjelických a. v. i nedeľným katechizáciam mládeže  |c napísal a vydal Ján Alexander Fábry 
250 |a 3. preprac. vyd. 
260 |a Turčiansky Sv. Martin  |b Vlastným nákladom  |c 1902  |e Turčiansky Sv. Martin  |f Kníhtlačiarsky účastinársky spolok 
300 |a 96 s.  |c V. 8° 
610 2 7 |a Evanjelická cirkev a.v.  |2 SNKKA  |9 32425 
650 0 7 |a krst  |2 SNKPH  |9 825 
650 0 7 |a konfirmandi  |2 SNKPH  |9 168594 
650 0 7 |a konfirmácia  |2 SNKPH  |9 49884 
655 7 |a učebnice  |2 SNKPH  |9 22521 
958 |a ONDV 
958 |a RK 
958 |a TL 
999 |c 994136  |d 996066 
952 |t P60, <04>, [BOOK], {604}  |a SNK  |b SNK  |y VYP  |7 0  |p 17A0179211  |o snkSC 1075 D2  |i snkK 313/99  |0 0  |1 0  |4 0  |d 1999-02-04  |l 0  |r 2005-01-02 00:00:00  |w 2026-02-24 
952 |t P60, <03>, [BOOK], {603}  |a SNK  |b SNK  |y PREZ  |7 0  |p 17A0715313  |o snkSC 1075  |i snk221/31  |0 0  |1 0  |4 0  |d 1999-02-04  |l 0  |r 2025-06-04 00:00:00  |w 2026-02-24 
952 |t P60, <04>, [BOOK], {604}  |a SNK  |b SNK  |y VYP  |7 0  |o snkSC 1075 D1  |i snkF 901/65  |0 0  |1 0  |4 0  |d 1999-02-04  |l 0  |r 2005-01-02 00:00:00  |w 2026-02-24